000 00641nam a22002177a 4500
003 UA-OsUOA
001 117228
007 ta
008 20160510b un ||||| |||| 00| 0 ukr d
100 _aСлюсар В.
090 _a101
_bС49
942 _cSA
040 _aUA-OsUOA
_bukr
_cUA-OsUOA
_dUA-OsUOA
245 _aМультиверсум як принцип соціальної організації "без насилля"
300 _aС.41-45
955 _a0
041 _aukr
080 _a101
773 0 _w117220
_tМандрівець
_dТернопіль
_d2015
_g6
650 7 _a1 Філософські науки
_2UDC
999 _c403148
_d403148